00417nam a22001577a 4500003000400000008004100004020001700045082001600062100001700078245003100095250001700126260004200143300000800185650003900193700002700232OSt220415b ||||| |||| 00| 0 eng d a978813526354 a491.423 ABG aABRAMS. m. H aGlossary of Literary Terms a11th edition aDelhibCenage Learning India Pvt. Ltd a429 aGlossary of Literary Terms English aHARPHAM, Geoffrey Galt